Reverine ecosystem synthesis (Record no. 1215859)
[ view plain ]
| 000 -LEADER | |
|---|---|
| fixed length control field | 01161nam a2200325Ia 4500 |
| 003 - CONTROL NUMBER IDENTIFIER | |
| control field | OSt |
| 005 - DATE AND TIME OF LATEST TRANSACTION | |
| control field | 20221007125816.0 |
| 008 - FIXED-LENGTH DATA ELEMENTS--GENERAL INFORMATION | |
| fixed length control field | 221006b |||||||| |||| 00| 0 eng d |
| 020 ## - INTERNATIONAL STANDARD BOOK NUMBER | |
| International Standard Book Number | 9780123706126 (hbd) |
| 037 ## - SOURCE OF ACQUISITION | |
| Terms of availability | Textbook |
| 040 ## - CATALOGING SOURCE | |
| Original cataloging agency | DGL |
| Transcribing agency | DGL |
| Language of cataloging | eng |
| 041 ## - LANGUAGE CODE | |
| Source of code | eng |
| Language code of text/sound track or separate title | eng |
| 100 ## - MAIN ENTRY--PERSONAL NAME | |
| Personal name | Thorp James H |
| 9 (RLIN) | 722535 |
| 245 #0 - TITLE STATEMENT | |
| Title | Reverine ecosystem synthesis |
| Remainder of title | towards conceptual cohesiveness in river science Delong Michael D |
| 260 ## - PUBLICATION, DISTRIBUTION, ETC. | |
| Place of publication, distribution, etc. | Amsterdam |
| Name of publisher, distributor, etc. | Elsevier |
| Date of publication, distribution, etc. | 2008 |
| 300 ## - PHYSICAL DESCRIPTION | |
| Extent | xv, 208p. |
| Dimensions | cm. |
| 490 ## - SERIES STATEMENT | |
| Series statement | Aquatic ecology series |
| 500 ## - GENERAL NOTE | |
| General note | ''References 181-201p''.; ''Index 203-208p''. |
| 650 ## - SUBJECT ADDED ENTRY--TOPICAL TERM | |
| Topical term or geographic name entry element | Ecosystem synthesis |
| 9 (RLIN) | 722536 |
| 650 ## - SUBJECT ADDED ENTRY--TOPICAL TERM | |
| Topical term or geographic name entry element | Hierarchy theory |
| 9 (RLIN) | 722537 |
| 650 ## - SUBJECT ADDED ENTRY--TOPICAL TERM | |
| Topical term or geographic name entry element | Patch dynamics defined |
| 9 (RLIN) | 722538 |
| 650 ## - SUBJECT ADDED ENTRY--TOPICAL TERM | |
| Topical term or geographic name entry element | Geology |
| 700 ## - ADDED ENTRY--PERSONAL NAME | |
| Personal name | Delong Michael D |
| 9 (RLIN) | 722539 |
| 700 ## - ADDED ENTRY--PERSONAL NAME | |
| Personal name | Thoms Martin C |
| 9 (RLIN) | 235923 |
| 942 ## - ADDED ENTRY ELEMENTS (KOHA) | |
| Classification part | H4224:5, P8 Carg |
| Koha item type | Textbook |
| Source of classification or shelving scheme | Colon Classification (CC) |
No items available.
